Environmental assessment: challenge and opportunity (Record no. 19113)

MARC details
000 -LEADER
fixed length control field 00796cab a2200205 4500
001 - CONTROL NUMBER
control field ABS41131
008 - FIXED-LENGTH DATA ELEMENTS--GENERAL INFORMATION
fixed length control field 090401t1989 xxu||||| |||| 00| 0 eng d
035 ## - SYSTEM CONTROL NUMBER
System control number (Sirsi) u28372
041 ## - LANGUAGE CODE
Language code of text/sound track or separate title eng
100 ## - MAIN ENTRY--PERSONAL NAME
Personal name Wood, C.
245 ## - TITLE STATEMENT
Title Environmental assessment: challenge and opportunity
260 ## - PUBLICATION, DISTRIBUTION, ETC.
Date of publication, distribution, etc. 1989
350 ## - PRICE (NR) (BK AM CF MU VM SE) [OBSOLETE]
Price 0
490 ## - SERIES STATEMENT
Series statement Planner
Volume/sequential designation 75(11) 7 July 1989, 12-18(7)
520 ## - SUMMARY, ETC.
Summary, etc. Examines the background to the incorporation of environmental impact assessment into British planning law and assesses the implications of the Town and Country Planning (Assessment of Environmental Effects) Regulations 1988 and the accompanying DOE Circular 15/88 for planning practice. References.
690 ## - LOCAL SUBJECT ADDED ENTRY--TOPICAL TERM (OCLC, RLIN)
Topical term or geographic name as entry element PLANNING LAW AND PRACTICE
700 ## - ADDED ENTRY--PERSONAL NAME
Personal name McDonic, G.
942 ## - ADDED ENTRY ELEMENTS (KOHA)
Suppress in OPAC 0
948 ## - LOCAL PROCESSING INFORMATION (OCLC); SERIES PART DESIGNATOR (RLIN)
c (OCLC) 04/03/1997
Holdings
Withdrawn status Lost status Source of classification or shelving scheme Damaged status Not for loan Home library Current library Shelving location Date acquired Total Checkouts Full call number Barcode Date last seen Copy number Price effective from Koha item type
    Dewey Decimal Classification     London London Journal article 14/09/1999   ABS41131 28372-1001 06/08/2019 1 06/08/2019 Journal article